Law of insurance

Bibliographic Details
Main Author: Poh Chu Chai
Format: Book
Published: Singapore : Malayan Law Journal , 1986
Subjects:

MARC

LEADER 00000cam a2200000 7i4500
001 0000002796
002 000003027
005 20000330.0
020 |a 9971700484 
090 0 0 |a 346.086   |b POH 
100 0 |a Poh Chu Chai 
245 1 0 |a Law of insurance   |c Poh Chu Chai 
260 |a Singapore :   |b Malayan Law Journal ,   |c 1986 
300 |a 289p. ;   |c 21cm. 
650 0 0 |a Insurance law   |z Malaysia 
650 0 0 |a Insurance   |z Malaysia   |x Law and legislation 
999 |a 036399   |b BUKU   |c MALAYSIANA   |e PERPUSTAKAAN KOMUNITI PETALING JAYA